[Event "London Classic FIDE Open"]
[Site "London ENG"]
[Date "2011.12.08"]
[Round "6"]
[White "Stoma, Pawel"]
[Black "Murray, David"]
[Result "1-0"]
[WhiteElo "2316"]
[BlackElo "2133"]
[WhiteFideId "1113569"]
[BlackFideId "2501511"]
[EventDate "2011.12.03"]

1. e4 e6 2. d4 d5 3. exd5 exd5 4. Nf3 Bd6 5. c4 c6 6. Nc3 Ne7 7. c5 Bc7 8. Bd3
Bf5 9. O-O O-O 10. Re1 Bxd3 11. Qxd3 Nd7 12. b4 Re8 13. Bd2 Nf8 14. b5 Qd7 15.
Rab1 Neg6 16. Ne2 Re7 17. a4 Rae8 18. Kf1 Qc8 19. a5 Ne6 20. Qf5 Qd8 21. a6 bxa6
22. bxc6 Qa8 23. Nc3 Qxc6 24. Qxd5 Qxd5 25. Nxd5 Rd7 26. Nxc7 Nxc7 27. Rxe8+
Nxe8 28. Rb8 Kf8 29. c6 1-0

[Event "London Classic FIDE Open"]
[Site "London ENG"]
[Date "2011.12.08"]
[Round "6"]
[White "Tavoularis, Nicholas"]
[Black "Webb, Laurence E"]
[Result "1/2-1/2"]
[BlackTitle "FM"]
[WhiteElo "2143"]
[BlackElo "2283"]
[WhiteFideId "4205596"]
[BlackFideId "402389"]
[EventDate "2011.12.03"]

1. d4 Nf6 2. Bg5 e6 3. Nd2 c5 4. c3 Nc6 5. e3 cxd4 6. exd4 Be7 7. Ngf3 d6 8. Bd3
O-O 9. O-O Nd5 10. Bxe7 Qxe7 11. Re1 Nf4 12. Bf1 e5 13. dxe5 dxe5 14. Qa4 Ng6
15. Rad1 Bd7 16. Qc2 Rad8 17. Nc4 Bg4 18. Rxd8 Rxd8 19. Nfd2 Qd7 20. Ne4 Bf5 21.
Ne3 Bxe4 22. Qxe4 Qe7 23. g3 Qc5 24. h4 Nge7 25. Bc4 Nc8 26. Qf3 Qf8 27. b4 Re8
28. Nf5 Nd8 29. Rd1 g6 30. Nh6+ Kg7 31. Ng4 f5 32. Rd7+ Kh8 33. Ne3 Nb6 34. Rc7
Qd6 35. Rc5 e4 36. Qf4 Qxf4 37. gxf4 Nxc4 38. Nxc4 Ne6 39. Re5 Nc7 40. Rc5 Ne6
41. Re5 Nc7 42. Ra5 a6 43. Nd6 Rb8 44. Re5 Kg8 45. c4 Kf8 46. f3 exf3 47. Kf2 b6
48. Kxf3 Rd8 49. c5 bxc5 50. bxc5 Rb8 51. h5 1/2-1/2

[Event "London Classic FIDE Open"]
[Site "London ENG"]
[Date "2011.12.08"]
[Round "6"]
[White "Lemeaux, David"]
[Black "Barton, R Alan"]
[Result "1-0"]
[WhiteElo "2279"]
[BlackElo "2073"]
[WhiteFideId "613843"]
[BlackFideId "404233"]
[EventDate "2011.12.03"]

1. d4 b6 2. c4 Bb7 3. Nc3 e6 4. a3 g6 5. e4 Bg7 6. Nf3 Ne7 7. Bd3 d6 8. O-O Nd7
9. Qc2 O-O 10. Re1 a6 11. b3 c5 12. d5 e5 13. b4 Bc8 14. Bd2 Nf6 15. Rab1 Bg4
16. Be2 Nh5 17. h3 Bd7 18. bxc5 bxc5 19. Rb7 Nf4 20. Bf1 f5 21. Bxf4 exf4 22. e5
dxe5 23. Nxe5 Bxe5 24. Rxe5 Nc8 25. Na4 Nd6 26. Rxd7 Qxd7 27. Nxc5 Qg7 28. Re1
f3 29. Ne6 Qh6 30. gxf3 Rfc8 31. c5 f4 32. Qd3 Nb7 33. Qd4 Nd8 34. d6 Nxe6 35.
Bc4 Qg5+ 36. Kh2 h5 37. Rxe6 Rxc5 38. Re8+ Kh7 39. Qh8# 1-0

[Event "London Classic FIDE Open"]
[Site "London ENG"]
[Date "2011.12.08"]
[Round "6"]
[White "McKerracher, Douglas"]
[Black "Yeo, Michael J"]
[Result "0-1"]
[WhiteElo "1976"]
[BlackElo "2152"]
[WhiteFideId "2401002"]
[BlackFideId "402257"]
[EventDate "2011.12.03"]

1. e4 e5 2. Nf3 Nc6 3. Bb5 Nf6 4. Qe2 Bc5 5. c3 d6 6. d3 a6 7. Ba4 Ba7 8. Bg5 h6
9. Bh4 g5 10. Bg3 Bg4 11. Nbd2 Nh5 12. Bxc6+ bxc6 13. Nc4 Nf4 14. Bxf4 gxf4 15.
h3 Bh5 16. Rd1 Rg8 17. Rg1 Qe7 18. d4 exd4 19. cxd4 f5 20. e5 d5 21. Na5 Qb4+
22. Qd2 Qxd2+ 23. Kxd2 c5 24. b3 Bb6 25. Nc6 Kd7 26. dxc5 Bxc5 27. Ncd4 Bxf3 28.
Nxf3 Bxf2 29. Rgf1 Rxg2 30. Kc3 Be3 31. Rxd5+ Ke6 32. Ra5 Rg3 33. Nd4+ Bxd4+ 34.
Kxd4 Rd8+ 35. Kc4 f3 36. Rf2 Rxh3 37. b4 Rg8 38. Kd4 Rg4+ 39. Ke3 Re4+ 40. Kd3
Rxb4 41. Rxa6+ Kxe5 42. Rc6 Kf4 43. Rxc7 Kg3 44. Rcc2 Rbh4 0-1

[Event "London Classic FIDE Open"]
[Site "London ENG"]
[Date "2011.12.08"]
[Round "6"]
[White "Wallis, Ian J"]
[Black "Gavriel, Tryfon C"]
[Result "0-1"]
[BlackTitle "CM"]
[WhiteElo "2003"]
[BlackElo "2156"]
[WhiteFideId "468452"]
[BlackFideId "403105"]
[EventDate "2011.12.03"]

1. e4 e6 2. d4 d5 3. Nd2 h6 4. c3 c5 5. exd5 Qxd5 6. Ngf3 Nc6 7. Bc4 Qd8 8. Nb3
cxd4 9. Nbxd4 Nxd4 10. Nxd4 a6 11. Bf4 Nf6 12. O-O Be7 13. Re1 O-O 14. Qe2 Re8
15. Rad1 Qb6 16. Bb3 Bf8 17. Nf3 Bd7 18. Ne5 Bb5 19. Qf3 Bc6 20. Qh3 Bd5 21. Ba4
Red8 22. c4 Be4 23. Bc1 Qa5 24. Nxf7 Kxf7 25. Bb3 Qf5 26. Qg3 Rac8 27. f3 Bc5+
28. Kh1 Bc6 29. Qh4 Qxf3 0-1

[Event "London Classic FIDE Open"]
[Site "London ENG"]
[Date "2011.12.08"]
[Round "6"]
[White "Farrand, Tom"]
[Black "Mikalsen, Erlend"]
[Result "1-0"]
[WhiteElo "2265"]
[BlackElo "2063"]
[WhiteFideId "406457"]
[BlackFideId "1507338"]
[EventDate "2011.12.03"]

1. e4 c5 2. Nc3 Nc6 3. f4 g6 4. Nf3 Bg7 5. Bb5 Nd4 6. O-O Nxb5 7. Nxb5 d5 8.
exd5 a6 9. Nc3 Nf6 10. d4 Nxd5 11. dxc5 Nxc3 12. Qxd8+ Kxd8 13. bxc3 Bxc3 14.
Rb1 Kc7 15. Rb3 Bf6 16. Bd2 Be6 17. Ba5+ Kc6 18. Rb6+ Kxc5 19. Nd2 Bd5 20. c4
Bc6 21. Nb3+ Kd6 22. Rd1+ Ke6 23. g4 Bb2 24. Rd2 Ba3 25. Nd4+ Kf6 26. Bc3 Bc5
27. Kf1 Bxb6 28. Nf5+ e5 29. Rd6# 1-0

[Event "London Classic FIDE Open"]
[Site "London ENG"]
[Date "2011.12.08"]
[Round "6"]
[White "Torner Planell, Josep Ramon"]
[Black "Rendboe, John"]
[Result "1/2-1/2"]
[BlackTitle "FM"]
[WhiteElo "2123"]
[BlackElo "2242"]
[WhiteFideId "2219174"]
[BlackFideId "1403664"]
[EventDate "2011.12.03"]

1. e4 c5 2. Nf3 Nc6 3. Bb5 g6 4. Bxc6 dxc6 5. d3 Bg7 6. h3 Nf6 7. O-O Nd7 8. Nc3
e5 9. Be3 Qe7 10. Qd2 Nf8 11. Bh6 f6 12. Ne2 Ne6 13. Nh2 O-O 14. Bxg7 Qxg7 15.
f4 exf4 16. Nxf4 f5 17. Nxe6 Bxe6 18. exf5 Rxf5 19. b3 Qd4+ 20. Kh1 Raf8 21. Qe2
Bd7 22. Rxf5 Rxf5 23. Rf1 Rxf1+ 24. Nxf1 Kf7 25. Nd2 Qa1+ 26. Kh2 Qf6 27. Qe3 b6
28. Nf3 Kg7 29. Qe4 h6 30. Ne5 Bf5 31. Qf4 g5 32. Qe3 Qd6 1/2-1/2

[Event "London Classic FIDE Open"]
[Site "London ENG"]
[Date "2011.12.08"]
[Round "6"]
[White "Ledger, Dave J"]
[Black "Ruston, Mark R"]
[Result "1-0"]
[WhiteTitle "FM"]
[WhiteElo "2228"]
[BlackElo "2061"]
[WhiteFideId "401986"]
[BlackFideId "410020"]
[EventDate "2011.12.03"]

1. e4 c5 2. Nf3 d6 3. d4 cxd4 4. Nxd4 Nf6 5. Nc3 a6 6. Be3 Ng4 7. Bg5 Qb6 8. Nd5
Qd8 9. h3 Nf6 10. Qf3 Nc6 11. O-O-O Ne5 12. Qe3 Bd7 13. Nf3 Nxd5 14. exd5 Nxf3
15. Qxf3 Qa5 16. Bc4 e5 17. Rhe1 Qc7 18. Bb3 f5 19. Rd3 Bc8 20. Qg3 Be7 21. Rc3
Bxg5+ 22. Qxg5 Qe7 23. Qh5+ Qf7 24. Qh4 Qe7 25. Qb4 O-O 26. a4 a5 27. Qb5 Qg5+
28. Kb1 Qxg2 29. Qb6 Ra6 30. Qc7 Qxf2 31. Rxe5 h6 32. Re7 Qg1+ 33. Ka2 f4 34.
Bc4 Ra8 35. Qxd6 f3 36. Qe5 Kh8 37. d6 Bxh3 38. Bd5 Rf5 39. Re8+ Rxe8 40. Qxe8+
Kh7 41. Bg8+ 1-0

[Event "London Classic FIDE Open"]
[Site "London ENG"]
[Date "2011.12.08"]
[Round "6"]
[White "White, Michael J R"]
[Black "Doran, Chris"]
[Result "1-0"]
[WhiteTitle "FM"]
[WhiteElo "2214"]
[BlackElo "2011"]
[WhiteFideId "407380"]
[BlackFideId "503835"]
[EventDate "2011.12.03"]

1. d4 Nf6 2. c4 g6 3. Nc3 Bg7 4. e4 d6 5. f4 O-O 6. Nf3 c5 7. d5 e6 8. dxe6 fxe6
9. Bd3 Nc6 10. O-O Nd4 11. Nxd4 cxd4 12. Nb5 a6 13. Nxd6 Qxd6 14. e5 Qb6 15.
exf6 Bxf6 16. Qc2 Bd7 17. c5 Qc7 18. b4 e5 19. fxe5 Bxe5 20. Bh6 Bg7 21. Qc4+
Kh8 22. Bxg7+ Kxg7 23. Qxd4+ Kh6 24. Qh4+ 1-0

[Event "London Classic FIDE Open"]
[Site "London ENG"]
[Date "2011.12.08"]
[Round "6"]
[White "Skutta, Bernd"]
[Black "Thingstad, Even"]
[Result "0-1"]
[WhiteElo "2098"]
[BlackElo "2213"]
[WhiteFideId "4666950"]
[BlackFideId "1506439"]
[EventDate "2011.12.03"]

1. d4 d5 2. Nf3 Nf6 3. c4 c6 4. e3 e6 5. b3 Nbd7 6. Bb2 b6 7. Bd3 Bb7 8. O-O Be7
9. Nc3 O-O 10. Rc1 Qc7 11. Qe2 Rad8 12. cxd5 exd5 13. Rc2 Rfe8 14. Rfc1 Qb8 15.
a3 Bd6 16. h3 h6 17. Na4 Ne4 18. b4 f5 19. Nh4 f4 20. Bxe4 Rxe4 21. Nc3 Ree8 22.
Qg4 Nf6 23. Qg6 Bc8 24. b5 cxb5 25. Nxb5 Be6 26. Nf5 Bxf5 27. Qxf5 fxe3 28. fxe3
Bh2+ 29. Kf1 Ne4 30. Ke1 Qg3+ 31. Kd1 Qxe3 32. Qf3 Qg1+ 33. Ke2 Ng5+ 34. Kd3
Nxf3 35. Rxg1 Nxg1 36. Bc1 Rc8 37. Nc3 Ne2 0-1

[Event "London Classic FIDE Open"]
[Site "London ENG"]
[Date "2011.12.08"]
[Round "6"]
[White "Varnam, Liam D"]
[Black "Gant, Chris J"]
[Result "1/2-1/2"]
[BlackTitle "FM"]
[WhiteElo "2059"]
[BlackElo "2194"]
[WhiteFideId "410950"]
[BlackFideId "403946"]
[EventDate "2011.12.03"]

1. e4 c5 2. Nf3 Nc6 3. d4 cxd4 4. Nxd4 g6 5. c4 Bg7 6. Be3 Nf6 7. Nc3 O-O 8. Be2
d6 9. O-O Bd7 10. Rc1 Nxd4 11. Bxd4 Bc6 12. f3 a5 13. Nd5 Nd7 14. Bxg7 Kxg7 15.
Qd4+ Kg8 16. Rfd1 Nc5 17. b3 Bxd5 18. cxd5 Qb6 19. Rb1 Qb4 20. Qxb4 axb4 21. Rb2
Ra5 22. Kf2 Rfa8 23. Rdd2 f5 24. exf5 gxf5 25. Ke3 Kf7 26. g3 Kf6 27. h3 Nd7 28.
g4 Nb6 29. Bc4 Rc5 30. Rd4 Rac8 31. Rf4 Rxd5 32. gxf5 Re5+ 33. Kf2 Rxf5 34.
Rxf5+ Kxf5 35. Bd3+ Kf4 36. Re2 e5 37. Re4+ Kg5 38. Rxb4 Nd5 39. Rxb7 Nf4 40.
Bxh7 Nxh3+ 41. Ke2 Nf4+ 42. Kd2 Ne6 43. Rb6 Rd8 44. a4 Kf4 45. a5 Ng5 46. Bg6
Nxf3+ 47. Kd3 d5 48. Rf6+ Kg3 49. a6 e4+ 50. Bxe4 dxe4+ 51. Kxe4 Nd2+ 1/2-1/2

[Event "London Classic FIDE Open"]
[Site "London ENG"]
[Date "2011.12.08"]
[Round "6"]
[White "Warman, Simon M"]
[Black "O'Toole, George E"]
[Result "1/2-1/2"]
[WhiteElo "2056"]
[BlackElo "2189"]
[WhiteFideId "408867"]
[BlackFideId "412732"]
[EventDate "2011.12.03"]

1. e4 d6 2. d4 Nf6 3. Nc3 g6 4. f4 Bg7 5. Nf3 c5 6. dxc5 Qa5 7. Bd3 Qxc5 8. Qe2
Bg4 9. Be3 Qa5 10. O-O O-O 11. h3 Bxf3 12. Qxf3 Nc6 13. Ne2 Nd7 14. c3 Nde5 15.
fxe5 Nxe5 16. Qg3 Nxd3 17. Bg5 Qb6+ 18. Kh1 f6 19. Qxd3 fxg5 20. Nd4 Bxd4 21.
cxd4 Rac8 22. e5 dxe5 23. dxe5 Qe6 24. Qe3 g4 25. hxg4 Rxf1+ 26. Rxf1 Qxa2 27.
e6 Qc4 28. Rf7 Qc1+ 29. Qxc1 Rxc1+ 30. Kh2 Rc7 31. Kg3 a5 32. Kf4 h6 33. g5 h5
34. Ke5 h4 35. Kd5 b6 36. b3 Rc5+ 37. Kd4 Rc7 38. Kd5 b5 39. Rf4 Rc2 40. Rxh4
Rxg2 41. Kc6 Rxg5 42. Kd7 Rd5+ 43. Kxe7 g5 44. Rg4 Kg7 45. Rg1 a4 46. bxa4 bxa4
47. Ke8 a3 48. e7 a2 49. Ra1 Rd2 50. Rg1 Rg2 51. Rd1 Rd2 52. Rg1 Rg2 53. Rd1 Rb2
54. Rg1 Rb1 55. Rxg5+ Kf6 56. Ra5 a1=Q 57. Rxa1 Rxa1 58. Kf8 Rh1 59. e8=N+ Ke6
60. Ng7+ Kd7 61. Kf7 Kd6 62. Kf6 Rf1+ 63. Nf5+ Kd5 64. Kg5 Ke5 65. Ng3 Rf8 66.
Kg4 Rf4+ 67. Kg5 Rf3 68. Kg4 Rf8 69. Ne2 Ra8 70. Ng3 Ra3 71. Ne2 Rb3 72. Ng3 Re3
73. Nh5 Re4+ 74. Kf3 Rh4 75. Ng3 Rf4+ 76. Ke3 Ra4 77. Kf3 Rf4+ 1/2-1/2

[Event "London Classic FIDE Open"]
[Site "London ENG"]
[Date "2011.12.08"]
[Round "6"]
[White "Mohammad Ashraf"]
[Black "Fields, Francis E"]
[Result "1-0"]
[WhiteElo "2188"]
[BlackElo "1897"]
[WhiteFideId "5066263"]
[BlackFideId "409367"]
[EventDate "2011.12.03"]

1. e4 c5 2. Nf3 Nc6 3. c3 d5 4. exd5 Qxd5 5. d4 cxd4 6. cxd4 e5 7. Nc3 Bb4 8.
Bd2 Bxc3 9. Bxc3 e4 10. Ne5 Nxe5 11. dxe5 Ne7 12. Qa4+ Bd7 13. Qa3 Qe6 14. Be2
O-O 15. O-O Bc6 16. Rfd1 Nf5 17. Bb4 Rfe8 18. Bd6 e3 19. f3 Qg6 20. Qb4 Qg5 21.
Qe1 Re6 22. b4 Rh6 23. b5 Bxb5 24. Bxb5 Nxd6 25. exd6 Qxb5 26. Qxe3 Qb6 27. Qxb6
axb6 28. Rab1 Kf8 29. Rxb6 Rd8 30. Rxb7 Rhxd6 31. Rxd6 Rxd6 32. Ra7 h5 33. Kf2
Rd2+ 34. Kg3 g6 35. h4 Kg7 36. Ra6 Re2 37. Ra8 Kh7 38. Ra3 Kg7 39. Ra5 Kh7 40.
Kh3 Re1 41. a4 Kg7 42. Ra7 Kg8 43. a5 Kg7 44. a6 Ra1 45. Kg3 Ra2 46. f4 Ra3+ 47.
Kf2 Ra2+ 48. Kf3 Ra3+ 49. Ke4 Ra5 50. Kd4 Rf5 51. Kc3 Rxf4 52. Rb7 Ra4 53. Rb6
Rxh4 54. Kb3 Rh1 55. Ka2 Rh4 56. Rb3 Ra4+ 57. Ra3 Rxa6 58. Rxa6 f5 59. Kb2 Kh6
60. Kc2 Kg5 61. Kd2 f4 62. Ke2 1-0

[Event "London Classic FIDE Open"]
[Site "London ENG"]
[Date "2011.12.08"]
[Round "6"]
[White "Compton, Alistair"]
[Black "Ethelontis, Alexandros N"]
[Result "1-0"]
[WhiteElo "2024"]
[BlackElo "2186"]
[WhiteFideId "4300645"]
[BlackFideId "405469"]
[EventDate "2011.12.03"]

1. e4 e6 2. d4 d5 3. Nc3 Bb4 4. e5 c5 5. a3 Bxc3+ 6. bxc3 Ne7 7. Qg4 Kf8 8. h4
Qa5 9. Bd2 Qa4 10. Qd1 Nbc6 11. Nf3 cxd4 12. cxd4 Nxd4 13. Bd3 Nec6 14. Bc3 h6
15. Nxd4 Nxd4 16. Rb1 Nc6 17. Qf3 Kg8 18. Rh3 h5 19. Rg3 Qxh4 20. Bb5 Bd7 21.
Kd2 Rc8 22. Bxc6 Bxc6 23. Qe3 b6 24. Rb4 Qe7 25. Rf4 Qc5 26. Rxg7+ Kxg7 27. Qg3+
Kf8 28. Bb4 Ke8 29. Bxc5 bxc5 30. Qc3 Bd7 31. Qf3 Rf8 32. Qxh5 Rc7 33. Qg5 Bb5
34. g4 Re7 35. Qg7 Bf1 36. Qh7 Bg2 37. Qd3 c4 38. Qc3 Be4 39. Qb4 Rd7 40. Qb8+
Ke7 41. Qb4+ Ke8 42. Rf6 Bh7 43. f4 Rg8 44. Rh6 Bg6 45. Qb8+ Rd8 46. Qxa7 Kf8
47. Qf2 Kg7 48. Qh4 c3+ 49. Kd1 Rde8 50. f5 exf5 51. gxf5 Rxe5 52. fxg6 Rge8 53.
gxf7 Kxf7 54. Qf6+ 1-0

[Event "London Classic FIDE Open"]
[Site "London ENG"]
[Date "2011.12.08"]
[Round "6"]
[White "Gschwendtner, Stanislav"]
[Black "Farrell, Neil"]
[Result "1/2-1/2"]
[WhiteElo "2011"]
[BlackElo "2181"]
[WhiteFideId "307297"]
[BlackFideId "2400588"]
[EventDate "2011.12.03"]

1. c4 c5 2. g3 Nc6 3. Bg2 g6 4. Nc3 Bg7 5. Nf3 e5 6. O-O Nge7 7. Ne1 d6 8. Nc2
Be6 9. Ne3 g5 10. Ned5 Ng6 11. d3 f5 12. e3 O-O 13. f4 gxf4 14. exf4 Qd7 15. Be3
Nd4 16. Qd2 Ne7 17. Nxe7+ Qxe7 18. Nd5 Qf7 19. Rae1 Kh8 20. b4 b6 21. bxc5 bxc5
22. Rb1 Rab8 23. Nc3 e4 24. dxe4 1/2-1/2

[Event "London Classic FIDE Open"]
[Site "London ENG"]
[Date "2011.12.08"]
[Round "6"]
[White "Shweta, Gole"]
[Black "Willmoth, Robert F"]
[Result "1/2-1/2"]
[WhiteElo "1999"]
[BlackElo "2169"]
[WhiteFideId "5068487"]
[BlackFideId "402540"]
[EventDate "2011.12.03"]

1. d4 d6 2. Nf3 Bg4 3. c4 Nd7 4. Nc3 Bxf3 5. exf3 Ngf6 6. Bd3 c5 7. d5 g6 8. O-O
Bg7 9. Re1 O-O 10. Bg5 h6 11. Bh4 Re8 12. f4 a6 13. a4 Rb8 14. Qd2 Nf8 15. Re3
Qd7 16. Rh3 N6h7 17. Re1 b6 18. Rhe3 g5 19. Bg3 Rbd8 20. fxg5 hxg5 21. Rf3 Bxc3
22. Qxc3 Qxa4 23. h4 e6 24. dxe6 Rxe6 25. Rxe6 fxe6 26. Bxh7+ Nxh7 27. Qd3 Qe8
28. hxg5 Rd7 29. Bh4 d5 30. g6 Nf8 31. Bf6 dxc4 32. Qe3 Nxg6 33. Rg3 Kf7 34.
Rxg6 Kxg6 35. Qg5+ Kh7 36. Qh4+ Kg6 37. Qg5+ 1/2-1/2

[Event "London Classic FIDE Open"]
[Site "London ENG"]
[Date "2011.12.08"]
[Round "6"]
[White "Pleininger, Rudolf"]
[Black "Bates, Richard A"]
[Result "0-1"]
[BlackTitle "IM"]
[WhiteElo "1939"]
[BlackElo "2386"]
[WhiteFideId "1305999"]
[BlackFideId "403555"]
[EventDate "2011.12.03"]

1. e4 c5 2. Nc3 Nc6 3. f4 g6 4. Bb5 Nd4 5. Nf3 Bg7 6. O-O Nxb5 7. Nxb5 d5 8.
exd5 a6 9. Nc3 Nf6 10. d4 c4 11. Ne5 Nxd5 12. Nxc4 Nxc3 13. bxc3 Qc7 14. Qd3 Bf5
15. Qe2 Be6 16. Ne5 Qxc3 17. Be3 Bd5 18. Rfc1 Rc8 19. a4 O-O 20. Qd2 Be4 21. Ra2
Rfd8 22. Qxc3 Rxc3 23. Bd2 Rcc8 24. c3 f6 25. Nf3 Bd5 26. Rb2 Rc4 27. Ra1 h6 28.
Kf2 g5 29. g3 Kf7 30. h4 gxf4 31. gxf4 h5 32. Nh2 e5 33. dxe5 fxe5 34. fxe5 Rf8
35. Rb4 Rxb4 36. cxb4 Bxe5 0-1

[Event "London Classic FIDE Open"]
[Site "London ENG"]
[Date "2011.12.08"]
[Round "6"]
[White "Seymour, Timothy P"]
[Black "Afek, Yochanan"]
[Result "0-1"]
[BlackTitle "IM"]
[WhiteElo "2033"]
[BlackElo "2301"]
[WhiteFideId "412112"]
[BlackFideId "2800462"]
[EventDate "2011.12.03"]

1. e4 c5 2. c3 e6 3. d4 d5 4. exd5 exd5 5. Nf3 Nc6 6. Bb5 Bd6 7. O-O Ne7 8. dxc5
Bxc5 9. Nbd2 O-O 10. Nb3 Bd6 11. Bd3 Bc7 12. Bc2 Qd6 13. g3 Ng6 14. Be3 Bg4 15.
Bd3 Rfe8 16. Be2 Rad8 17. Nfd4 Bxe2 18. Qxe2 Bb6 19. Qb5 Qd7 20. Nc5 Qh3 21.
Nxc6 bxc6 22. Qxc6 Ne5 0-1

[Event "London Classic FIDE Open"]
[Site "London ENG"]
[Date "2011.12.08"]
[Round "6"]
[White "Rudd, Jack"]
[Black "Bryant, Jon"]
[Result "1-0"]
[WhiteTitle "IM"]
[WhiteElo "2290"]
[BlackElo "2012"]
[WhiteFideId "405736"]
[BlackFideId "416703"]
[EventDate "2011.12.03"]

1. e4 e6 2. d4 d5 3. Nd2 Nf6 4. e5 Nfd7 5. f4 c5 6. c3 Nc6 7. Ndf3 cxd4 8. cxd4
a5 9. Bd3 a4 10. Ne2 Nb6 11. O-O g6 12. g4 h5 13. h3 Be7 14. Kg2 Bd7 15. Ng3 Nc4
16. f5 gxf5 17. gxf5 h4 18. fxe6 Bxe6 19. Nf5 Bxf5 20. Bxf5 Qb6 21. Rb1 N6a5 22.
Qxa4+ Qc6 23. Qd1 b5 24. Bf4 Nb7 25. b3 Rxa2+ 26. Kh1 Nb2 27. Qe2 Qc3 28. Qxb5+
Kf8 29. Rbc1 1-0

[Event "London Classic FIDE Open"]
[Site "London ENG"]
[Date "2011.12.08"]
[Round "6"]
[White "Lenier, Jude A"]
[Black "Eckersley-Waites, Tom"]
[Result "0-1"]
[WhiteElo "2030"]
[BlackElo "2276"]
[WhiteFideId "470678"]
[BlackFideId "412449"]
[EventDate "2011.12.03"]

1. e4 c5 2. Nf3 Nc6 3. d4 cxd4 4. Nxd4 Nf6 5. Nc3 e5 6. Ndb5 d6 7. Bg5 a6 8. Na3
b5 9. Bxf6 gxf6 10. Nd5 f5 11. c3 Bg7 12. exf5 Bxf5 13. Nc2 O-O 14. Nce3 Be6 15.
g3 f5 16. Bg2 f4 17. Nc2 Bf5 18. Ncb4 Nxb4 19. cxb4 Rc8 20. O-O Rc4 21. Rc1 Rd4
22. Qb3 Be6 23. Rfd1 Qg5 24. h4 Qh6 25. Rxd4 exd4 26. Re1 fxg3 27. Qxg3 Bxd5 28.
Bxd5+ Kh8 29. Re6 Qc1+ 30. Kg2 Qxb2 31. Be4 d3 32. Bxd3 Be5 33. Qe3 Bd4 0-1

[Event "London Classic FIDE Open"]
[Site "London ENG"]
[Date "2011.12.08"]
[Round "6"]
[White "McKenna, Jason P"]
[Black "Sagues, Vincent"]
[Result "1/2-1/2"]
[WhiteElo "2110"]
[BlackElo "1952"]
[WhiteFideId "403857"]
[BlackFideId "625680"]
[EventDate "2011.12.03"]

1. e4 e6 2. d4 d5 3. Nc3 dxe4 4. Nxe4 Nd7 5. Nf3 Ngf6 6. Bg5 h6 7. Nxf6+ Nxf6 8.
Bxf6 Qxf6 9. Qd2 Bd6 10. Bd3 Bd7 11. Be4 O-O 12. O-O Qf4 13. Qxf4 Bxf4 14. Ne5
Rfd8 15. Nd3 Bd6 16. Bxb7 Rab8 17. Ba6 Bc6 18. Bc4 Be4 19. Rad1 Bxd3 20. Rxd3
Be7 21. b3 Bf6 22. Rfd1 Rd6 23. d5 exd5 24. Bxd5 Kf8 25. Kf1 Rbd8 26. h3 Rb8 27.
a4 a5 28. Bf3 Rxd3 29. Rxd3 Rd8 30. Rxd8+ Bxd8 31. Ke2 Ke7 32. Kd3 Kd6 33. Kc4
c6 34. Be4 Bb6 35. f3 f6 36. c3 Kc7 37. b4 axb4 38. cxb4 Bf2 39. Bg6 Be1 40. g4
Bd2 41. Be8 Be1 42. b5 cxb5+ 43. Bxb5 Kd6 44. Be8 Bf2 45. Bg6 Bg1 46. Be4 Bf2
47. a5 Bg1 48. Kb5 Bf2 49. Ka6 Kc7 50. Bc2 Bg1 51. Kb5 Kd6 52. Kc4 Ke5 53. Be4
Bf2 54. Bb7 Bg1 55. a6 Bf2 56. Be4 Bg1 57. Kb5 Kd6 58. Bd3 Bf2 59. Kb4 Bg1 60.
Ka4 Ke5 61. Kb5 Kd6 62. Be4 1/2-1/2

[Event "London Classic FIDE Open"]
[Site "London ENG"]
[Date "2011.12.08"]
[Round "6"]
[White "Sreeves, Clement"]
[Black "Casaschi, Paolo"]
[Result "1-0"]
[WhiteElo "2247"]
[BlackElo "1996"]
[WhiteFideId "2402564"]
[BlackFideId "824895"]
[EventDate "2011.12.03"]

1. Nf3 d5 2. c4 e6 3. g3 Nf6 4. Bg2 Be7 5. O-O O-O 6. b3 c6 7. Bb2 Nbd7 8. d4 b6
9. Nbd2 Bb7 10. Qc2 Rc8 11. e4 dxe4 12. Nxe4 Nxe4 13. Qxe4 Nf6 14. Qe2 Qc7 15.
Ne5 c5 16. Bxb7 Qxb7 17. dxc5 Bxc5 18. Ng4 Ne4 19. Qf3 Rc7 20. Kg2 f5 21. Ne5 g5
22. Rae1 g4 23. Nxg4 Nd2 24. Nh6# 1-0

[Event "London Classic FIDE Open"]
[Site "London ENG"]
[Date "2011.12.08"]
[Round "6"]
[White "Coleman, David J"]
[Black "Iyengar, Ilya"]
[Result "1-0"]
[WhiteTitle "CM"]
[WhiteElo "2244"]
[BlackElo "1974"]
[WhiteFideId "402087"]
[BlackFideId "405949"]
[EventDate "2011.12.03"]

1. e4 c5 2. Nf3 e6 3. d4 cxd4 4. Nxd4 Nf6 5. Nc3 d6 6. Be2 a6 7. Be3 Be7 8. O-O
Qc7 9. f4 b5 10. Bf3 Bb7 11. a3 O-O 12. Qe1 Nc6 13. Rd1 Rfe8 14. Qg3 Rad8 15.
Kh1 Bf8 16. e5 dxe5 17. fxe5 Nxd4 18. Rxd4 Rxd4 19. Bxd4 Nd7 20. Ne4 Bxe4 21.
Bxe4 g6 22. Qf4 Re7 23. Bd3 Bg7 24. Re1 f5 25. b4 Nb6 26. Bc5 Nd5 27. Qf1 Rd7
28. c4 bxc4 29. Bxc4 Bxe5 30. Qe2 Nb6 31. Bxe6+ 1-0

[Event "London Classic FIDE Open"]
[Site "London ENG"]
[Date "2011.12.08"]
[Round "6"]
[White "Hoegener, Claude"]
[Black "Wallace, Paul"]
[Result "1/2-1/2"]
[WhiteElo "2028"]
[BlackElo "2229"]
[WhiteFideId "4000978"]
[BlackFideId "2500892"]
[EventDate "2011.12.03"]

1. d4 Nf6 2. Nf3 g6 3. Bg5 Bg7 4. Nbd2 O-O 5. e3 d6 6. Bd3 Nbd7 7. c3 h6 8. Bh4
e5 9. Qc2 Re8 10. dxe5 dxe5 11. Rd1 Qe7 12. Bxf6 Nxf6 13. Ne4 Nh7 14. Qb3 Nf8
15. O-O a6 16. Be2 b5 17. Qb4 Be6 18. Qxe7 Rxe7 19. Nc5 Bxa2 20. Ra1 Ne6 21.
Rxa2 Nxc5 22. Bxb5 Rb8 23. Bc4 1/2-1/2